[Event "TCh-AUT 1st Bundesliga 2007-8"]
[Site "Jenbach AUT"]
[Date "2008.01.11"]
[Round "5"]
[White "Hulak,K"]
[Black "Sandhu,M"]
[Result "1-0"]
[WhiteElo "2552"]
[BlackElo "2308"]

1.d4 Nf6 2.c4 e6 3.g3 d5 4.Bg2 Be7 5.Nf3 O-O 6.O-O dxc4 7.Qc2 a6 8.a4 Nc6
9.Qxc4 Qd5 10.Qd3 Qh5 11.Nc3 e5 12.dxe5 Nxe5 13.Nxe5 Qxe5 14.a5 c6 15.h3 Rd8
16.Qe3 Qxe3 17.Bxe3 Be6 18.Na4 Bd5 19.Nb6 Bxg2 20.Kxg2 Rab8 21.Bf4 Bd6 22.Rfd1 Bxf4
23.gxf4 Kf8 24.e4 Ke7 25.Kf3 g6 26.Ke3 Ne8 27.Na4 Nc7 28.Nc5 Ne6 29.b4 Nxc5
30.bxc5 Rxd1 31.Rxd1 Rd8 32.Rb1 Rd7 33.h4 h5 34.Rg1 Kf6 35.f3 Rd8 36.Rg5 Rd1
37.f5 gxf5 38.Rxf5+ Kg6 39.Rg5+ Kh6 40.Re5 Rb1 41.Kf4 Rb5 42.Kf5 Kg7 43.Re7 Rxc5+
44.e5 Rb5 45.f4 c5 46.Rc7 c4 47.Ke4 Kg8 48.f5 Rxa5 49.f6 Ra1 50.Rxc4 b5 51.Rc8+ Kh7
52.Rf8 Kg6 53.Rg8+ Kh6 54.Rg7 Re1+ 55.Kd5 b4 56.Rxf7 a5 57.Rb7 Kg6 58.f7  1-0

[Event "ch-BLR"]
[Site "Minsk BLR"]
[Date "2008.01.11"]
[Round "2"]
[White "Stupak,K"]
[Black "Borsuk,Y"]
[Result "1-0"]
[WhiteElo "2412"]
[BlackElo "2268"]

1.d4 d5 2.Nf3 e6 3.g3 Be7 4.c4 Nf6 5.Bg2 O-O 6.O-O b6 7.Nc3 Bb7 8.Ne5 Qc8
9.cxd5 exd5 10.Bg5 Rd8 11.Qb3 Qe6 12.f4 Na6 13.f5 Qd6 14.Nb5 Qb4 15.Qd3 c6
16.Nc3 c5 17.e3 Rac8 18.a3 Qb3 19.Qd2 cxd4 20.exd4 b5 21.Ng4 b4 22.axb4 Qxb4
23.Bxf6 Bxf6 24.Nxf6+ gxf6 25.Rf4 Qf8 26.Ra5 Nc7 27.Rxa7 Bc6 28.Bf1 Ne8 29.Ra5 Nd6
30.Nxd5 Ne4 31.Rxe4 Bxd5 32.Rh4 Rd6 33.Rc5 Rcd8 34.b4 Bb7 35.Bg2 Bc8 36.Bf3 Ba6
37.Kg2 Rb6 38.Rc6 Rxc6 39.Bxc6 Qd6 40.b5 Bxb5 41.Bxb5 Qd5+ 42.Kh3 Qxb5 43.Rg4+ Kf8
44.Qh6+ Ke7 45.Re4+ Kd7 46.Qxf6 Rf8 47.Re5 Qb4 48.Rd5+ Kc7 49.Rc5+ Kd7 50.Qc6+  1-0

[Event "TCh-AUT 1st Bundesliga 2007-8"]
[Site "Jenbach AUT"]
[Date "2008.01.12"]
[Round "6"]
[White "Weiss,C"]
[Black "Manik,M"]
[Result "1/2-1/2"]
[WhiteElo "2449"]
[BlackElo "2433"]

1.d4 Nf6 2.g3 e6 3.Nf3 d5 4.Bg2 Be7 5.c4 O-O 6.O-O dxc4 7.Qa4 a6 8.Qxc4 b5
9.Qc2 Bb7 10.Bf4 Nc6 11.Nbd2 Nd5 12.Nb3 Ncb4 13.Qc1 Nxf4 14.gxf4 Bd5 15.Qc3 Bd6  1/2-1/2

[Event "4NCL 2007-8"]
[Site "Wokefield Park ENG"]
[Date "2008.01.12"]
[Round "5"]
[White "Pein,M"]
[Black "Muter,D"]
[Result "1/2-1/2"]
[WhiteElo "2393"]
[BlackElo "2232"]

1.d4 d5 2.Nf3 Nf6 3.c4 e6 4.g3 Be7 5.Bg2 dxc4 6.Qa4+ Bd7 7.Qxc4 Bc6 8.O-O O-O
9.Nc3 a6 10.Rd1 b5 11.Qb3 b4 12.Na4 Qe8 13.Nc5 Bxc5 14.dxc5 Ba4 15.Qd3 Bxd1  1/2-1/2

[Event "4NCL 2007-8"]
[Site "Wokefield Park ENG"]
[Date "2008.01.12"]
[Round "5"]
[White "Bates,Ri"]
[Black "Gordon,S"]
[Result "1/2-1/2"]
[WhiteElo "2375"]
[BlackElo "2501"]

1.d4 Nf6 2.Nf3 d5 3.c4 e6 4.g3 Be7 5.Bg2 O-O 6.O-O dxc4 7.Qc2 a6 8.Qxc4 b5
9.Qc2 Bb7 10.Bf4 Nc6 11.Nbd2 Nxd4 12.Nxd4 Bxg2 13.Nxe6 fxe6 14.Kxg2 c5 15.Nf3 Qb6
16.e4 Rad8 17.b3 Rc8 18.Rab1 Qc6 19.Rfe1 Nd7 20.Rbd1 Rfd8 21.a4 Nf8 22.Ne5 Qb7
23.Qe2 Bf6 24.Kg1 Nd7 25.Qg4  1/2-1/2

[Event "ch-Reykjavik"]
[Site "Reykjavik ISL"]
[Date "2008.01.13"]
[Round "4"]
[White "Asbjornsson,I"]
[Black "Baldursson,Ha"]
[Result "1-0"]
[WhiteElo "2013"]
[BlackElo "2033"]

1.Nf3 Nf6 2.c4 e6 3.d4 d5 4.g3 Be7 5.Bg2 Nbd7 6.O-O O-O 7.Qc2 Re8 8.Rd1 c6
9.b3 Nf8 10.Nc3 Bd6 11.e4 dxe4 12.Nxe4 Nxe4 13.Qxe4 Qe7 14.Bb2 Ng6 15.Rac1 Bd7
16.Ne5 Nxe5 17.dxe5 Bc5 18.Bf1 Rad8 19.Bd3 g6 20.Bf1 Bc8 21.Qc2 Qc7 22.Rxd8 Rxd8
23.Rd1 Rxd1 24.Qxd1 Qd7 25.Qxd7 Bxd7 26.Bc3 Kf8 27.b4 Be7 28.Kg2 c5 29.b5 Ke8
30.Bd3 Kd8 31.Be4 Kc7 32.a4 b6 33.f3 Bc8 34.Kf2 Bb7 35.Ke3 Bg5+ 36.f4 Bxe4
37.Kxe4 Be7 38.Be1 h5 39.h3 f5+ 40.exf6 Bxf6 41.a5 Kd6 42.a6 Bd4 43.g4 hxg4
44.hxg4 Ke7 45.Ba5  1-0

[Event "EST-FIN Match"]
[Site "Tallinn EST"]
[Date "2008.01.13"]
[Round "1"]
[White "Nyback,T"]
[Black "Kanep,M"]
[Result "1-0"]
[WhiteElo "2579"]
[BlackElo "2523"]

1.d4 Nf6 2.c4 e6 3.g3 d5 4.Bg2 Be7 5.Nf3 dxc4 6.O-O a6 7.Ne5 Nbd7 8.Nxc4 O-O
9.Nc3 c6 10.a4 Nb6 11.Ne5 Nbd7 12.Nd3 a5 13.e4 b6 14.f4 Ba6 15.Be3 Rc8 16.Rc1 c5
17.e5 cxd4 18.Bxd4 Nb8 19.Ne2 Rxc1 20.Ndxc1 Nd5 21.Qb3 Nc6 22.Bf2 Ncb4 23.Rd1 Qc7
24.Nd4 Rc8 25.Nce2 Bxe2 26.Nxe2 Bc5 27.Nd4 Bxd4 28.Bxd4 g6 29.Be4 Qc4 30.Qf3 Nc2
31.Bf2 Qxa4 32.Bxd5 exd5 33.Qxd5 Nb4 34.Qd6 Qb3 35.Qd7 Kg7 36.Rd6 Rc1+ 37.Kg2 Qc4
38.e6 Qe4+ 39.Kh3 Qf5+ 40.g4 Qxf4 41.Bd4+ Kh6 42.Qxf7  1-0

[Event "ch-Reykjavik"]
[Site "Reykjavik ISL"]
[Date "2008.01.16"]
[Round "5"]
[White "Johannesson,I"]
[Black "Salama,O"]
[Result "1-0"]
[WhiteElo "2338"]
[BlackElo "2233"]

1.d4 Nf6 2.Nf3 e6 3.c4 d5 4.g3 Be7 5.Bg2 O-O 6.O-O Nbd7 7.Qc2 c6 8.Nbd2 b6
9.e4 dxe4 10.Nxe4 Bb7 11.Nc3 c5 12.d5 exd5 13.Nh4 Ba6 14.Nf5 Bxc4 15.Re1 Re8
16.b3 Ba6 17.Nxd5 Nxd5 18.Bxd5 Bf8 19.Bb2 Qg5 20.Bxa8 Rxa8 21.Qe4 Rc8 22.h4 Qg6
23.Bxg7 Nf6 24.Bxf6 Qxf6 25.Ne7+ Bxe7 26.Qxe7 Qc6 27.Rad1 Bb7 28.Rd8+ Rxd8
29.Qxd8+ Kg7 30.Qg5+ Kf8 31.Qe7+ Kg7 32.f3 Qd5 33.Qe3 h6 34.Kf2 Qd7 35.g4 Kh7
36.Qf4 Kg7 37.Kg3 Qc6 38.Re7 Qd5 39.g5 Kf8 40.Rc7 hxg5 41.hxg5 Kg8 42.Qf6 Ba6
43.g6  1-0

[Event "ch-Kyiv Men"]
[Site "Kyiv UKR"]
[Date "2008.01.20"]
[Round "2"]
[White "Baryshpolets,A"]
[Black "Grinev,V"]
[Result "1-0"]
[WhiteElo "2389"]
[BlackElo "2266"]

1.d4 d5 2.c4 e6 3.Nf3 Nf6 4.g3 Be7 5.Bg2 O-O 6.O-O dxc4 7.Qc2 a6 8.a4 Bd7
9.Rd1 Bc6 10.Nc3 Nbd7 11.e4 b5 12.d5 exd5 13.e5 Ng4 14.Nxd5 Bxd5 15.Rxd5 Bc5
16.Ng5 g6 17.Ne4 Be7 18.Bh3 Ngxe5 19.Bxd7 Nxd7 20.Qd1 Bd6 21.Nxd6 Nb6 22.Rd4 cxd6
23.Bh6 Re8 24.Rxd6 Re1+ 25.Qxe1 Qxd6 26.axb5 Qd4 27.Rxa6 Rb8 28.Bf4 Rc8 29.Be3 Qxb2
30.Rxb6 c3 31.Bd4 Qd2 32.Qe5 Qxd4 33.Qxd4 c2 34.Kg2 c1=Q 35.Rd6 Qb1 36.Rd8+ Rxd8
37.Qxd8+ Kg7 38.Qd4+ f6 39.Qd5 h5 40.h4 Qb2 41.Qc6 g5 42.hxg5 fxg5 43.b6 h4
44.b7 hxg3 45.Qc7+ Kg6 46.Kxg3 Qb3+ 47.Kh2 Qb4 48.b8=Q Qh4+ 49.Kg1 Qg4+ 50.Qg3 Qd1+
51.Kg2  1-0

[Event "115th ch-NZL"]
[Site "Auckland NZL"]
[Date "2008.01.21"]
[Round "9"]
[White "Croad,N"]
[Black "Thornton,G"]
[Result "0-1"]
[WhiteElo "2313"]
[BlackElo "2095"]

1.d4 Nf6 2.c4 e6 3.g3 d5 4.Bg2 Be7 5.Nf3 O-O 6.O-O dxc4 7.Qc2 a6 8.Qxc4 b5
9.Qc2 Bb7 10.Bf4 Nd5 11.Rd1 Nxf4 12.gxf4 Nd7 13.Nc3 Nf6 14.a3 c5 15.dxc5 Qc7
16.b4 Qxf4 17.Rd4 Qc7 18.Rd2 Rad8 19.Rad1 Rxd2 20.Rxd2 Bc6 21.h3 h6 22.Ne1 Bxg2
23.Kxg2 Qf4 24.Nf3 Qc7 25.e3 Rc8 26.Rd1 Qc6 27.Qe2 Nd7 28.Kg1 Bf6 29.Nd4 Bxd4
30.Rxd4 Ne5 31.e4 Qc7 32.Nb1 Rd8 33.Rxd8+ Qxd8 34.f4 Qd4+ 35.Kg2 Nc4 36.Kh2 f5
37.c6 Qd6 38.exf5 Qxf4+ 39.Kh1 Qxf5 40.c7 Qxh3+ 41.Qh2 Qxh2+ 42.Kxh2 Nd6
43.Kg3 Kf7 44.Kf4 Ke7 45.Nc3 g5+ 46.Kg4 Kd7 47.Kh5 Kxc7 48.Kxh6 g4 49.Ne2 Nc4
50.Kh5 g3 51.Nxg3 Nxa3 52.Kg5 Nc2 53.Kf6 Kd6 54.Ne4+ Kd5 55.Nc5 Nxb4 56.Nxe6 a5
57.Kf5 a4 58.Nc7+ Kc4  0-1

[Event "IMB2"]
[Site "Marianske Lazne CZE"]
[Date "2008.01.22"]
[Round "4"]
[White "Paci,C"]
[Black "Rudolf,An"]
[Result "0-1"]
[WhiteElo "2301"]
[BlackElo "2242"]

1.Nf3 e6 2.c4 Nf6 3.g3 d5 4.Bg2 Be7 5.d4 O-O 6.O-O dxc4 7.Qc2 a6 8.Qxc4 b5
9.Qc2 Bb7 10.Bf4 Nc6 11.Rd1 Nb4 12.Qc1 Nbd5 13.Nbd2 c5 14.dxc5 Nxf4 15.gxf4 Qc7
16.Nb3 Rac8 17.Ne5 Bxg2 18.Kxg2 g5 19.fxg5 Qxe5 20.gxf6 Qe4+ 21.Kg1 Bxf6
22.Rd3 Kh8 23.Rf3 Rg8+ 24.Kh1 Qg4 25.Qf1 Bxb2 26.Rd1 Be5 27.Rd7 Rg7 28.Rg3 Bxg3
29.hxg3 e5 30.Qd1 Rcg8 31.Kg2 Qe4+ 32.Kh2 Rg4 33.f3 Rh4+ 34.Kg2 Qg6 35.Qe1 Qf5  0-1

[Event "ch-CRO"]
[Site "Split CRO"]
[Date "2008.01.22"]
[Round "7"]
[White "Kozul,Z"]
[Black "Zelcic,R"]
[Result "1/2-1/2"]
[WhiteElo "2600"]
[BlackElo "2587"]

1.d4 Nf6 2.Nf3 e6 3.c4 d5 4.g3 Be7 5.Bg2 O-O 6.O-O dxc4 7.Qc2 a6 8.a4 Bd7
9.Qxc4 Bc6 10.Bg5 Bd5 11.Qc2 Be4 12.Qd1 c5 13.dxc5 h6 14.Bxf6 Bxf6 15.Nbd2 Bc6
16.Ne1 Bxb2 17.Rb1 Bc3 18.Nd3 Bxg2 19.Kxg2 Bxd2 20.Qxd2 Qd5+ 21.Kg1 Nd7 22.Qb4 Rab8
23.a5 Rfc8 24.Rfd1 Rc7 25.Rbc1 Qf5 26.Rc4 Rbc8 27.Rdc1 e5 28.f3 Nb8 29.Nf2 Nc6
30.Qe1 Rd8 31.Ne4 Rd4 32.R4c2 Rcd7 33.Nd6 Qg5 34.Rb1 Qe3+ 35.Kf1 Rd5 36.Rc3 Qg5
37.Nxb7 e4 38.Nd6 Qh5 39.Qf2 f5 40.Kg1 Nd4 41.Re1 exf3 42.exf3 Rxc5 43.Qxd4 Rxc3
44.Qxc3  1/2-1/2

[Event "6th Gibtelecom Masters"]
[Site "Gibraltar ENG"]
[Date "2008.01.25"]
[Round "4"]
[White "Bradford,J"]
[Black "Pettersen,J"]
[Result "1-0"]
[WhiteElo "2419"]
[BlackElo "2026"]

1.Nf3 d5 2.c4 e6 3.g3 Nf6 4.Bg2 Be7 5.d4 O-O 6.O-O dxc4 7.Qc2 a6 8.Qxc4 b5
9.Qc2 Bb7 10.Bd2 Be4 11.Qc1 Nbd7 12.Ba5 Rc8 13.Nc3 Ba8 14.Rd1 Qe8 15.b4 Nd5
16.Nxd5 Bxd5 17.Qc2 f5 18.Rac1 Bd6 19.Nd2 Bxg2 20.Kxg2 Qh5 21.Nf3 Nb8 22.Qb3 Rf6
23.Bb6 Qe8 24.Bc5 Nd7 25.Rc3 Bxc5 26.dxc5 Nb8 27.Re3 Kh8 28.a3 h6 29.Qc3 Nc6
30.Ne5 Nxe5 31.Qxe5 Kg8 32.Red3 Qc6+ 33.f3 Rf7 34.h4 Re7 35.Rd4 Ra8 36.Kf2 Rf8
37.R1d3 Rff7 38.Rd8+ Re8 39.Qd4 Re7 40.Rd7 Kf7 41.Rxe7+ Rxe7 42.Qd8 e5 43.Qc8 Qe6
44.Rd8 e4 45.Qxe6+ Kxe6 46.fxe4 fxe4 47.g4 g5 48.hxg5 hxg5 49.Ke3 Ke5 50.Rg8 Kf6
51.Rf8+ Kg6 52.Ra8 Re6 53.Ra7 c6 54.Rxa6 Rf6 55.Kd4 Re6 56.Ra7 Kh6 57.a4 bxa4
58.Rxa4 e3 59.Ra3  1-0

[Event "ch-Kyiv Men"]
[Site "Kyiv UKR"]
[Date "2008.01.25"]
[Round "5"]
[White "Kruglyakov,P"]
[Black "Vdovichenko,V"]
[Result "1-0"]
[WhiteElo "2356"]
[BlackElo "2208"]

1.c4 Nf6 2.Nf3 e6 3.g3 d5 4.d4 Be7 5.Bg2 O-O 6.Qc2 a6 7.O-O dxc4 8.Qxc4 b5
9.Qc2 Bb7 10.Bd2 Ra7 11.Rd1 Nbd7 12.Ba5 Bd6 13.Nbd2 Qa8 14.Nb3 Be4 15.Qc1 Rb8
16.Ne1 Bxg2 17.Nxg2 b4 18.Ne3 Rb5 19.Qc2 h5 20.Rac1 h4 21.Qc6 Qxc6 22.Rxc6 hxg3
23.hxg3 Nb8 24.Rc2 c6 25.Nc4 Bc7 26.Rdc1 Ne4 27.Bxc7 Rxc7 28.Ne5 a5 29.Nxc6 a4
30.Nxb8 Rxc2 31.Rxc2 axb3 32.Rc8+ Kh7 33.axb3 Rf5 34.f3 Nxg3 35.Kf2 Ne4+
36.Ke3 Nf6 37.Rc4 Nd5+ 38.Kd2 Rh5 39.Nc6 Rh2 40.Nxb4 Nf4 41.Ke3 g5 42.Rc2 Ng2+
43.Kd2 Nf4 44.Kc3 Nxe2+ 45.Kc4 f5 46.Nd3 Rg2 47.b4 g4 48.fxg4 f4 49.Nxf4 Nxf4
50.Rxg2 Nxg2 51.b5 Ne3+ 52.Kc5 Nxg4 53.b6 Nf6 54.b7 Nd7+ 55.Kc6 Nb8+ 56.Kc7 Na6+
57.Kc8 Kg6 58.b4  1-0

[Event "ch-CRO"]
[Site "Split CRO"]
[Date "2008.01.25"]
[Round "9"]
[White "Kurajica,B"]
[Black "Zelcic,R"]
[Result "1/2-1/2"]
[WhiteElo "2556"]
[BlackElo "2587"]

1.d4 Nf6 2.Nf3 e6 3.g3 d5 4.c4 Be7 5.Bg2 O-O 6.O-O dxc4 7.Qc2 a6 8.Qxc4 b5
9.Qd3 Bb7 10.Bg5 Nbd7 11.Bxf6 Nxf6 12.Rc1 Rc8 13.a4 c5 14.axb5 axb5 15.Qxb5 Bxf3
16.Bxf3 Rb8 17.Qd3 Qxd4 18.Qxd4 cxd4 19.Nd2 Rxb2 20.Nc4 Rb5 21.Ra7 Bb4 22.Rb1 Rbb8
23.Rd1 Bc3 24.h4 h5 25.Ne5 Rb5 26.Nd7 Nxd7 27.Rxd7 g6 28.Be4 Rb2 29.Bd3 Ra8
30.Kg2 Raa2 31.Kf3 Kf8 32.Rb1 Rxb1 33.Bxb1 Ra5 34.Bd3 f5 35.Kg2 e5 36.f3 Ra2
37.Bc4 Rb2 38.Kf1 e4 39.fxe4 fxe4 40.Rf7+ Ke8 41.Rf4 Rb6 42.Rxe4+ Kf8 43.Rf4+ Kg7
44.Rf7+ Kh8 45.Kg2 Rc6 46.Bd3 Kg8 47.Rd7 Kf8 48.g4 hxg4 49.Kg3 Ke8 50.Rd5 Ke7
51.Kxg4 Rf6 52.Re5+ Re6 53.Rb5 Bd2 54.Rb7+ Kf8 55.Ra7 Be3 56.h5 gxh5+ 57.Kxh5 Rf6
58.Kg4 Rf4+ 59.Kg3 Rf7 60.Rxf7+  1/2-1/2

[Event "6th Gibtelecom Masters"]
[Site "Gibraltar ENG"]
[Date "2008.01.26"]
[Round "5"]
[White "Fairbairn,S"]
[Black "Reichard,S"]
[Result "1-0"]
[WhiteElo "2086"]
[BlackElo "1967"]

1.c4 e6 2.g3 d5 3.d4 Nf6 4.Bg2 Be7 5.Nf3 O-O 6.O-O c5 7.cxd5 Nxd5 8.Nc3 cxd4
9.Nxd5 Qxd5 10.Nxd4 Qd7 11.Be3 Bc5 12.Rc1 Bb6 13.Qd2 Rd8 14.Rfd1 e5 15.Nb3 Bxe3
16.fxe3 Qxd2 17.Rxd2 Nc6 18.Bxc6 Rxd2 19.Nxd2 bxc6 20.Rxc6 Be6 21.a3 g6 22.Rc5 Rd8
23.Ne4 Rd1+ 24.Kg2 Bd5 25.Rxd5  1-0

[Event "ch-Kyiv Men"]
[Site "Kyiv UKR"]
[Date "2008.01.26"]
[Round "6"]
[White "Grinev,V"]
[Black "Ignatenko,Vl"]
[Result "1-0"]
[WhiteElo "2266"]
[BlackElo "2143"]

1.d4 d5 2.c4 e6 3.Nf3 Nf6 4.g3 Be7 5.Bg2 O-O 6.O-O c6 7.Qc2 b6 8.b3 Bb7 9.Nc3 Nbd7
10.Bb2 Rc8 11.e4 dxe4 12.Nxe4 Nxe4 13.Qxe4 Nf6 14.Qc2 Qc7 15.c5 Rfd8 16.a3 Nd5
17.Rad1 Bf6 18.Rfe1 a5 19.h4 Ba6 20.Ng5 g6 21.Ne4 Bg7 22.h5 Rb8 23.hxg6 hxg6
24.Bf3 Bc8 25.Kg2 Re8 26.Rh1 e5 27.Nd6 Re7 28.dxe5 Be6 29.Qe4 bxc5 30.Qh4 Rxb3
31.Bc1 Rd7 32.Qh7+ Kf8 33.Bh6  1-0

[Event "Open"]
[Site "Marianske Lazne CZE"]
[Date "2008.01.26"]
[Round "9"]
[White "De Verdier,M"]
[Black "Khamidov,K"]
[Result "1-0"]
[WhiteElo "2147"]
[BlackElo "1819"]

1.Nf3 Nf6 2.c4 e6 3.g3 d5 4.d4 Be7 5.Bg2 O-O 6.O-O dxc4 7.Qc2 a6 8.Qxc4 b5
9.Qc2 Bb7 10.Bd2 Be4 11.Qc1 Nbd7 12.Ba5 Rc8 13.Nbd2 Bb7 14.b4 Nb6 15.Rd1 Bd6
16.e3 Qe7 17.a3 e5 18.dxe5 Bxe5 19.Nxe5 Bxg2 20.Nc6 Bxc6 21.Qxc6 Qd7 22.Qxd7 Nbxd7
23.Nb3 Ne5 24.Nc5 Nc4 25.Nxa6 c5 26.Rac1 Nxa5 27.bxa5 c4 28.Nb4 Rfd8 29.Rxd8+ Rxd8
30.a4 bxa4 31.Rxc4 h6 32.Na2 a3 33.Ra4 Rd1+ 34.Kg2 Rd2 35.a6  1-0

[Event "13th HIT Open A"]
[Site "Nova Gorica SLO"]
[Date "2008.01.28"]
[Round "4"]
[White "Lenic,L"]
[Black "Perunovic,Mil"]
[Result "1/2-1/2"]
[WhiteElo "2568"]
[BlackElo "2570"]

1.d4 Nf6 2.Nf3 e6 3.c4 d5 4.g3 Be7 5.Bg2 O-O 6.O-O dxc4 7.Qc2 a6 8.a4 Bd7
9.Qxc4 Bc6 10.Bg5 Bd5 11.Qc2 Be4 12.Qd1 c5 13.dxc5 Bxc5 14.Nc3 Bc6 15.Ne5 Bxg2
16.Kxg2 Bd4 17.Bxf6  1/2-1/2

[Event "6th Gibtelecom Masters"]
[Site "Gibraltar ENG"]
[Date "2008.01.30"]
[Round "9"]
[White "Butnorius,A"]
[Black "Tofte,S"]
[Result "1/2-1/2"]
[WhiteElo "2441"]
[BlackElo "2108"]

1.Nf3 Nf6 2.c4 e6 3.g3 d5 4.d4 Be7 5.Bg2 O-O 6.O-O dxc4 7.Qc2 a6 8.a4 c5
9.dxc5 Qc7 10.Na3 Bd7 11.Nxc4 Bxc5 12.Bf4 Qc8 13.Rac1 Nc6 14.Qb1 Nd5 15.Bd2 Qb8
16.b4 Ba7 17.e4 Nb6 18.Bf4 Qd8 19.b5 axb5 20.axb5 Ne7 21.Nd6 Nbc8 22.Rfd1 Ng6
23.Nxb7 Qe7 24.Rc7 Nxf4 25.gxf4 Nb6 26.Ne5 Qh4 27.Nxd7 Nxd7 28.Rcxd7 Bxf2+
29.Kh1 Bg3 30.h3 Bxf4 31.R7d3 Be5 32.Rf1 Qe7 33.b6 Qxb7 34.Qb5 Qb8 35.Rd7 Ra2
36.b7 Rb2 37.Qc6 Bf6 38.Rc7 e5 39.Ra1 Qd8 40.Rc8 Qd2 41.Rxf8+ Kxf8 42.Ra8+ Bd8
43.Qc5+ Kg8 44.Rxd8+ Qxd8 45.Qc8 Qf8 46.Bf1 g6 47.Bc4 h5 48.Qc7 Rb1+ 49.Kg2 Kh7
50.Bxf7 Kh6 51.Qxe5 Rxb7 52.Bd5 Qb8 53.Qxb8 Rxb8 54.h4 Kg7 55.Kg3 Rb1 56.Kf4 Rh1
57.Kg3 Rg1+ 58.Kh2 Rg4 59.Kh3 Kf6 60.Bc6 Ke5 61.Be8 Rxe4 62.Bd7 Kf4 63.Bc8 Re3+
64.Kh2 Rd3 65.Be6 Rd2+ 66.Kh3 Rd3+ 67.Kh2 Kf3 68.Bc8 Rd8 69.Be6 Re8 70.Bd7 Rb8
71.Be6 Kf4 72.Bd5 Re8 73.Bc6 Re3 74.Bd7 Rc3 75.Be8 Rg3 76.Bd7 Rb3 77.Bc8 Rb5
78.Bd7 Rb6 79.Kg2 Ra6 80.Kh2 Ra3 81.Bc8 g5 82.hxg5 Kxg5 83.Kg2 Kf4 84.Bd7 Rg3+
85.Kh2 Rc3 86.Be6 Ra3 87.Kg2 Rd3 88.Bc8 h4 89.Be6 Ra3 90.Bc8 Rb3 91.Be6 Rc3
92.Bd7 Ra3 93.Be6 Kg5 94.Bh3 Kf4 95.Bd7 Rd3 96.Bc6 Kg4 97.Bb7 Rc3 98.Bd5 Rc2+
99.Kf1 Kf4 100.Ke1  1/2-1/2

[Event "16th FAJR Open"]
[Site "Urmia IRI"]
[Date "2008.02.03"]
[Round "2"]
[White "Dalir,A"]
[Black "Kuparadze,G"]
[Result "0-1"]
[WhiteElo "2102"]
[BlackElo "2407"]

1.d4 Nf6 2.c4 e6 3.g3 d5 4.Bg2 Be7 5.Nf3 O-O 6.O-O c6 7.Qc2 b6 8.Nbd2 Ba6
9.b3 Nbd7 10.e4 Rc8 11.Bb2 c5 12.exd5 exd5 13.dxc5 Bxc5 14.Qf5 Re8 15.Rfe1 dxc4
16.Nxc4 Bxc4 17.bxc4 Bb4 18.Red1 Qc7 19.Bh3 Rcd8 20.Rac1 Bf8 21.Qc2 Ne4 22.Bxd7 Rxd7
23.Rxd7 Qxd7 24.Ne5 Qb7 25.Re1 Ng5 26.Qf5 f6 27.h4 Rxe5 28.Bxe5 Nf3+ 29.Kf1 Nxe1
30.Bc3 Nf3  0-1

[Event "4th Open C Women"]
[Site "Moscow RUS"]
[Date "2008.02.04"]
[Round "3"]
[White "Suslova,A"]
[Black "Semenova,E"]
[Result "1-0"]
[WhiteElo "2165"]
[BlackElo "2012"]

1.c4 e6 2.Nf3 d5 3.d4 Nf6 4.g3 Be7 5.Bg2 O-O 6.O-O dxc4 7.Qc2 a6 8.a4 Bd7
9.Qxc4 Bc6 10.Bg5 Nbd7 11.Nc3 a5 12.Rfd1 Rc8 13.Qd3 b6 14.e4 Bb7 15.Rac1 c5
16.d5 exd5 17.exd5 Bd6 18.Nb5 Ba6 19.Bh3 Rc7 20.Rc4 Bxb5 21.axb5 Re8 22.Bxd7 Rxd7
23.Qf5 h6 24.Bxf6 gxf6 25.Qh5 Bf8 26.h4 Bg7 27.Rd2 Qa8 28.Rg4 f5 29.Qxf5 Qd8
30.Ne5 Rde7 31.Qf6  1-0

[Event "4th Open C Women"]
[Site "Moscow RUS"]
[Date "2008.02.04"]
[Round "3"]
[White "Iljushina,O"]
[Black "Mestnikova,V"]
[Result "1-0"]
[WhiteElo "2268"]
[BlackElo "1861"]

1.d4 Nf6 2.c4 e6 3.g3 Be7 4.Bg2 d5 5.Nf3 b6 6.Ne5 Bb7 7.Qa4+ c6 8.cxd5 exd5
9.Nc3 O-O 10.O-O Bd6 11.Rd1 Qc7 12.Nd3 Re8 13.Bf4 Nbd7 14.Rac1 c5 15.Nb5 Qc6
16.Nb4  1-0

[Event "16th FAJR Open"]
[Site "Urmia IRI"]
[Date "2008.02.08"]
[Round "10"]
[White "Roghani,A"]
[Black "Khalesi,V"]
[Result "1/2-1/2"]
[WhiteElo "2362"]
[BlackElo "2188"]

1.Nf3 Nf6 2.d4 e6 3.c4 d5 4.g3 Be7 5.Bg2 O-O 6.O-O dxc4 7.Qc2 a6 8.Qxc4 b5
9.Qc2 Bb7 10.Bf4 Nd5 11.Nc3 Ra7 12.Rfd1 Nd7 13.Rac1 Qa8 14.Nxd5 Bxd5 15.Be3 Be4
16.Qc3 Nb6 17.Ne1 Nd5 18.Qb3 Bxg2 19.Nxg2 Rc8 20.Rd2 c6 21.Nf4 Rac7 22.Rdc2 Qa7
23.Nd3 Nxe3 24.fxe3 c5 25.dxc5 Bxc5 26.Nxc5 Rxc5 27.Qd3 Rxc2 28.Rxc2  1/2-1/2

[Event "TCh-FIN 2007-8"]
[Site "Finland FIN"]
[Date "2008.02.09"]
[Round "6"]
[White "Veingold,A"]
[Black "Sammalvuo,T"]
[Result "0-1"]
[WhiteElo "2492"]
[BlackElo "2450"]

1.d4 d5 2.Nf3 Nf6 3.c4 e6 4.g3 Be7 5.Bg2 O-O 6.O-O dxc4 7.Qc2 a6 8.Qxc4 b5
9.Qc2 Bb7 10.Bd2 Be4 11.Qc1 Nbd7 12.Ba5 Rc8 13.Nbd2 Ba8 14.Qc2 Qe8 15.b4 Nd5
16.a3 f5 17.Rac1 Qh5 18.Rfe1 N5f6 19.Qd3 Be4 20.Nxe4 fxe4 21.Qb3 Nd5 22.Nd2 Rxf2
23.Nxe4 Rxe2 24.Rxe2 Qxe2 25.Bf3 Qe3+ 26.Qxe3 Nxe3 27.Rc6 Nf5 28.Rxe6 Nxd4
29.Bg4 Nxe6 30.Bxe6+ Kh8 31.Bxd7 Rd8 32.Bc6 Rd3 33.Nc5 Rxa3 34.Nxa6 Bxb4
35.Bxb4 Rxa6 36.Bd5 Ra4 37.Bc5 Ra1+ 38.Kf2 Rc1 39.Be3 Rc2+ 40.Kf3 Rxh2 41.Ke4 Rg2
42.Bf4 c5 43.Bc6 Rb2 44.Kd5 c4 45.Kc5 b4 46.Kxc4 Rc2+ 47.Kd5 b3 48.Ba4 Rc3
49.Kd4 b2 50.Kxc3 b1=Q 51.Bc2 Qe1+ 52.Kd3 h6 53.Bb3 g5 54.Bd6 h5  0-1

[Event "Velammal 45th National A ch-IND"]
[Site "Chennai IND"]
[Date "2008.02.11"]
[Round "9"]
[White "Mishra,N"]
[Black "Lalith,B"]
[Result "1/2-1/2"]
[WhiteElo "2349"]
[BlackElo "2299"]

1.d4 Nf6 2.c4 e6 3.g3 d5 4.Bg2 Be7 5.Nf3 O-O 6.Qc2 c5 7.O-O cxd4 8.Nxd4 Nc6
9.Nxc6 bxc6 10.b3 Ba6 11.Rd1 Qb6 12.e3 Rfd8 13.Nd2 Rac8 14.Bb2 h6 15.Rac1 Nd7
16.Nf3 Qb8 17.Bf1 Nb6 18.Rb1 c5 19.cxd5 Bxf1 20.Rxf1 Nxd5 21.Ne5 Nb4 22.Qe4 Bd6
23.a3 Nd5 24.Nc4 Bf8 25.Be5 Qb7 26.Rfd1 Rd7 27.Rd3 Rcd8 28.Rbd1 Qb5 29.Qg4 Nxe3
30.Rxd7 Nxg4 31.Rxd8 Qxb3 32.h3 Nxe5 33.Nxe5 c4 34.Rf1 c3 35.Nd7 c2 36.Rxf8+ Kh7
37.Rc8 Qb7 38.Nf8+ Kg8 39.Rxc2 Kxf8 40.Rfc1 g6 41.Rc7 Qb2 42.a4 a5 43.R1c4 e5
44.Rd7 Qe2 45.Rcc7 Qf3 46.Kf1 Qh1+ 47.Ke2 Qe4+ 48.Kd2 Qb4+ 49.Ke3 Qe1+ 50.Kf3 Qh1+
51.Ke2 Qe4+ 52.Kd2 Qb4+ 53.Kd3 Qb1+ 54.Kd2 Qb4+ 55.Kd3 Qb1+  1/2-1/2

[Event "10th TCh-Euro sen"]
[Site "Dresden GER"]
[Date "2008.02.11"]
[Round "1"]
[White "Wood,P"]
[Black "Aijala,Jou"]
[Result "0-1"]
[WhiteElo "1942"]
[BlackElo "2146"]

1.d4 e6 2.c4 Nf6 3.g3 d5 4.Nf3 Be7 5.Bg2 O-O 6.O-O c6 7.Nc3 Nbd7 8.b3 b6
9.Re1 Bb7 10.Bb2 Rc8 11.Rc1 c5 12.cxd5 exd5 13.Ne5 cxd4 14.Qxd4 Bc5 15.Qf4 Nxe5
16.Qxe5 Bxf2+ 17.Kh1 Re8 18.Qg5 h6 19.Qf5 Bxe1 20.Rxe1 Qe7 21.Qd3 Qe3 22.Qf5 Rxc3
23.Bxc3 Qxc3 24.Rf1 Rxe2 25.Qf4 Qe5 26.Qc1 Qb2  0-1

[Event "Velammal 45th National A ch-IND"]
[Site "Chennai IND"]
[Date "2008.02.12"]
[Round "10"]
[White "Imocha,L"]
[Black "Mishra,N"]
[Result "1/2-1/2"]
[WhiteElo "2240"]
[BlackElo "2349"]

1.d4 Nf6 2.c4 e6 3.g3 d5 4.Nf3 Be7 5.Bg2 O-O 6.O-O c6 7.Qc2 Nbd7 8.b3 b5
9.Nc3 Ba6 10.c5 b4 11.Na4 Bb5 12.a3 bxa3 13.Nc3 a6 14.Bf4 Nh5 15.Rxa3 Nxf4
16.gxf4 Qb8 17.Rfa1 Bd8 18.e3 f5 19.Nxb5 Qxb5 20.Bf1 Qb7 21.Bxa6 Qc7 22.b4 g5
23.fxg5 e5 24.dxe5 Nxe5 25.Nxe5 Qxe5 26.f4 Qg7 27.Kh1 Re8 28.Qb3 Ra7 29.b5 Rae7
30.Rf1 Bc7 31.bxc6 Qf7 32.Rf3 Rb8 33.Bb7 Re4 34.Qd3 Rd8 35.Ra8 Rxa8 36.Bxa8 d4
37.Bb7 Qd5 38.Ba6 Qxc5 39.Qc4+ Qxc4 40.Bxc4+ Kg7 41.Bd3 Rxe3 42.Rxe3 dxe3
43.Kg2 Bxf4 44.Bxf5 e2 45.Kf2 Bxh2 46.Kxe2 h6 47.g6 Kf6 48.Kf3 Bc7 49.Kg4 Bb8
50.Bd3 Bc7 51.Kh5 Kg7 52.Kg4 Kf6  1/2-1/2

[Event "10th TCh-Euro sen"]
[Site "Dresden GER"]
[Date "2008.02.13"]
[Round "3"]
[White "Adamski,J"]
[Black "Boehnisch,M"]
[Result "1/2-1/2"]
[WhiteElo "2333"]
[BlackElo "2369"]

1.Nf3 d5 2.c4 e6 3.g3 Nf6 4.Bg2 Be7 5.d4 O-O 6.Qc2 dxc4 7.Qxc4 a6 8.Bf4 Nd5
9.Nc3 b5 10.Qd3 Nxf4 11.gxf4 Ra7 12.Rd1 c5 13.dxc5 Qxd3 14.Rxd3 Bxc5 15.O-O Rc7
16.Rfd1 f6 17.Ne4 Be7 18.Nd6 Bd7 19.h3 Rc2 20.R3d2 Rxd2 21.Rxd2 Rd8 22.e4  1/2-1/2

[Event "10th TCh-Euro sen"]
[Site "Dresden GER"]
[Date "2008.02.14"]
[Round "4"]
[White "Boehlig,H"]
[Black "Klundt,K"]
[Result "1/2-1/2"]
[WhiteElo "2256"]
[BlackElo "2378"]

1.d4 Nf6 2.c4 e6 3.Nf3 d5 4.g3 Be7 5.Bg2 O-O 6.O-O dxc4 7.Qc2 b5 8.a4 a6
9.axb5 Bb7 10.bxa6 Nxa6 11.Nbd2 Nb4 12.Rxa8 Nxc2 13.Rxd8 Rxd8  1/2-1/2

[Event "10th TCh-Euro sen"]
[Site "Dresden GER"]
[Date "2008.02.14"]
[Round "4"]
[White "Rodkin,R"]
[Black "Hampel,Jo"]
[Result "1/2-1/2"]
[WhiteElo "2218"]
[BlackElo "2194"]

1.d4 d5 2.c4 e6 3.Nf3 Nf6 4.g3 Be7 5.Bg2 O-O 6.O-O dxc4 7.Qc2 a6 8.Qxc4 b5
9.Qc2 Bb7 10.Bg5 Nbd7 11.Rd1 Qc8 12.Nbd2 c5 13.Rac1 cxd4 14.Nxd4 Bxg2 15.Kxg2 h6
16.Bxf6 Nxf6 17.Nc6 Qb7 18.Nf3 Rac8 19.Rd3 Nd5 20.a3 Bf6 21.e4 Ne7 22.Rd6 Nxc6
23.Rxc6 Rxc6 24.Qxc6 Qxc6 25.Rxc6 Bxb2 26.Rxa6 Rc8  1/2-1/2